| 000 | 01760 a2200229 4500 | ||
|---|---|---|---|
| 001 | 11450 | ||
| 003 | IN-BhIIT | ||
| 005 | 20260424160548.0 | ||
| 008 | 260317b |||||||| |||| 00| 0 eng d | ||
| 020 | _a9780143452744 (pbk.) | ||
| 040 | _aIN-BhIIT | ||
| 041 | _aeng | ||
| 082 |
_a294.544 _bDAS/A |
||
| 100 |
_aDas, Gauranga _eAuthor _924355 |
||
| 245 |
_aThe art of focus : _b45 stories ti uplift the mind and transform thr heart / _cGauranga Das. |
||
| 260 |
_aGurugram : _bPenguin Ananda, _c2022. |
||
| 300 |
_axv, 264 p. : _bill. ; _c22 cm. |
||
| 520 | _aThe Covid-19 pandemic has transformed the world we live in, more so than all the recent events put together. The pandemic has made humans question certain assumptions, relook at priorities and adjust life according to the new normal in the twenty-first century. As we take stock of the life ahead, beyond this cusp of change, focus emerges as the fulcrum to help ease this transformation. The Art of Focus, the second book in this three-part series, presents forty-five simple stories filled with revelations to enthral readers with learnings from the experiences of the protagonists and the dynamics of the situations that manifested in their lives. The first book in the series, The Art of Resilience, presented ingredients to the readers to help them inculcate resilience in challenging situations that manifested at the start of the Covid-19 pandemic. TheArt of Focus builds on the first book and inspires the resilient heart to develop a focused mind. This collective presentation will better equip the readers to take charge of their lives and adapt to the new normal effectively. | ||
| 650 |
_aReligions _xReligious life. _927556 |
||
| 650 |
_aReligious life _xHinduism. _927557 |
||
| 942 | _cGB | ||
| 999 |
_c15445 _d15445 |
||